000 01305nam a22003737a 4500
003 CHAP
005 20241105180613.0
008 971013s1988 r 00010 d
010 _a5948
011 _a6920
035 _a6143
040 _cCHAP
082 _a633.6
_bA9
100 0 0 _aAzúcar, S.A. México.
_99184
245 _aHistoria del azúcar en México
260 _aMéxico, D.F. :
_bFondo de Cultura Económica,
_c1988
300 _a2v.
_b: ilus.
500 _a60-90
590 _aBATCH-UPD
_b10
_c20130110
_lUCH01
_h1331
590 _aBATCH-UPD
_b10
_c20130410
_lUCH01
_h0836
590 _aBATCH-UPD
_b10
_c20130914
_lUCH01
_h0509
590 _aCONVERSION
_b10
_c20130109
_lUCH01
_h1304
650 1 4 _aAzúcar
_xHistoria.
_99157
650 1 4 _aAzúcar
_xMéxico.
_99167
650 1 4 _aIndustria azucarera
_xHistoria.
_957786
650 1 7 _aIndustria azucarera
_zMéxico
_2
_957791
700 0 _aCrespo, Horacio.
_928910
901 _aBK
942 _cLIBRO
949 _a633.6 A9
_bBC
_cLIBRO
_d33724000195350
_eLIBRO
_fv.1 c.2
_h82874
_i6143
_si
949 _a633.6 A9
_bBC
_cLIBRO
_d33724000195442
_eLIBRO
_fv.2
_gI.163979
_h26036
_i6143
_si
949 _a633.6 A9
_bBC
_cLIBRO
_d33724000195459
_eLIBRO
_fv.2 c.2
_h82875
_i6143
_si
949 _a633.6 A9
_bBC
_cLIBRO
_d33724000936357
_eLIBRO
_fv.1
_gI.163978
_h67293
_i6143
_si
999 _c5948
_d5948